000 00346nam a2200133Ia 4500
008 240112s1975 JULY-DEC xx 000 0 und d
041 _aeng
082 _a616.05
100 _aHUTH E.J.
245 _aANNUALS OF INTERNAL MEDICINE
260 _bAMERECAN COLLEGE OF PHYSICIAN
_c1975 JULY-DEC
300 _a948,HB
_c(7-12)
440 _v83
999 _c1141256
_d1141256